Couples dans Harry Potter - Statistiques

Statistiques générales
  • Ce quiz a été pris 1 581 fois
  • Le résultat moyen est 13 sur 24
Statistiques - réponses
Enfants ou information Couple % Correct
Parents de Harry Lily et James Potter
100%
Parents de Ron Arthur et Molly Weasley
97%
Parents de Drago Malefoy Lucius et Narcissa Malefoy
94%
Parents de Dudley Vernon et Pétunia Dursley
90%
Parents de Rose Hermione Granger et Ron Weasley
87%
Parents de James Sirius Harry Potter et Ginny Weasley
79%
Parents deTeddy Nymphadora Tonks et Remus Lupin
78%
Couple formé d'un Gryffondor et d'une Serdaigle (HP5) Harry Potter et Cho Chang
63%
Parents de Victoire Bill Weasley et Fleur Delacour
62%
Couple formé d'une Gryffondor et d'un celebre joueur de Quidditch Hermione Granger et Viktor Krum
59%
Couple présumé entre deux Serpentard Drago Malefoy et Pansy Parkinson
58%
Couple formé de deux Gryffondor (HP6) Ron Weasley et Lavande Brown
58%
Parents de Fred II George Weasley et Angelina Johnson
57%
Parents de Scorpius Drago Malefoy et Astoria Greengrass
52%
Couple formé d'un Poufsouffle et d'une Serdaigle Cedric Diggory et Cho Chang
43%
Couple présumé formé de deux demi-géants Rubeus Hagrid et Olympe Maxime
41%
Couple(marié) formé d'un Gryffondor et d'une Poufsouffle Neville Londubat et Hannah Abbot
34%
Couple formé de deux Gryffondor (HP5) Ginny Weasley et Dean Thomas
27%
Parents de Molly II Percy et Audrey Weasley
27%
Couple formé d'un Gryffondor et d'une Serdaigle (HP2) Percy Weasley et Penelope Deauclaire
27%
Couple présumé formé de deux amis d'enfance :"pour le plus grand bien" (AF) Albus Dumbledore et Gellert Grindelwald
22%
Couple formé d'un magizoologiste et d'une auror (AF) Norbert Dragonneau et Tina Goldstein
22%
Couple formé d'une legilimens et d'un moldu (AF) Queenie Goldstein et Jacob Kowalski
16%
Couple formé d'une Gryffondor et d'un Serdaigle (HP4) Ginny Weasley et Michael Corner
12%
Aucun quiz correspondant
Distribution des résultats
% des personnes avec chaque résultat
Percentile par nombre de réponses
Votre historique - résultats
Vous n’avez pas pris ce quiz